Advocates Act & Professional Ethics / (Record no. 154900)

MARC details
000 -LEADER
fixed length control field 00536nam a22001697a 4500
003 - CONTROL NUMBER IDENTIFIER
control field dpl
005 - DATE AND TIME OF LATEST TRANSACTION
control field 20180726144025.0
008 - FIXED-LENGTH DATA ELEMENTS--GENERAL INFORMATION
fixed length control field 180726b xxu||||| |||| 00| 0 eng d
035 ## - SYSTEM CONTROL NUMBER
System control number 787756
040 ## - CATALOGING SOURCE
Original cataloging agency DPL
Language of cataloging EN
Transcribing agency 0
082 ## - DEWEY DECIMAL CLASSIFICATION NUMBER
Classification number 347.96
100 ## - MAIN ENTRY--PERSONAL NAME
Personal name Majumdar,Nirmalendu Dutt
245 ## - TITLE STATEMENT
Title Advocates Act & Professional Ethics /
Remainder of title Law Relating To The Legal Profession In India
Statement of responsibility, etc by Nirmalendu Dutt Majumdar
260 ## - PUBLICATION, DISTRIBUTION, ETC. (IMPRINT)
Place of publication, distribution, etc Calcutta
Name of publisher, distributor, etc Eastern Law House
Date of publication, distribution, etc 1975
300 ## - PHYSICAL DESCRIPTION
Extent 224p.;
Dimensions 20cm
942 ## - ADDED ENTRY ELEMENTS (KOHA)
Source of classification or shelving scheme Dewey Decimal Classification
Koha item type English Books
Classification part 347.96
Call number suffix DUT
Holdings
Withdrawn status Lost status Source of classification or shelving scheme Damaged status Not for loan Collection code Home library Current library Date acquired Source of acquisition Cost, normal purchase price Total Checkouts Full call number Barcode Date last seen Cost, replacement price Price effective from Koha item type
    Dewey Decimal Classification     Non-fiction Patel Nagar Patel Nagar 26/07/2018 BPPD/PUB 0.00   347.96 DUT 787756 26/07/2018 0.00 26/07/2018 English Books

© Delhi Public Library
Hit Counter
free hit counter